000 00367 a2200109 4500
001 ART_2976
005 20260410161711.0
008 260409a
245 1 0 _aPrecios y áreas sembradas con el algodón en la provincia de Chaco, 1938-1968.
100 1 _aReca, Lucio G.
773 0 _tDesarrollo económico
_g- Vol. 9, Nº 35 (oct./dic. 1969)
_wREV1174
999 _c16103
_d16103